[Event "Lovfalds EMT 18th C"]
[Site "Ringsted"]
[Date "2004.09.19"]
[Round "5"]
[White "Sandager, Ole"]
[Black "Nielsen, Kai Gylling"]
[Result "1/2-1/2"]
[WhiteElo "1569"]
[BlackElo "1623"]
[PlyCount "112"]
[EventDate "2004.09.17"]
[EventType "tourn"]
[EventRounds "5"]
[EventCountry "DEN"]
[SourceTitle "EXT 2023"]
[Source "ChessBase"]
[SourceDate "2022.10.05"]
[SourceVersion "1"]
[SourceVersionDate "2022.10.05"]
[SourceQuality "1"]

1. e4 e5 2. Nf3 Nc6 3. Nc3 Nf6 4. Bb5 d6 5. 0-0 Bg4 6. d3 a6 7. Bxc6+ bxc6 8. h3 Bh5 9. g4 Bg6 10. Nh4 Nxe4 11. Nxg6 Nxc3 12. Qf3 Ne2+ 13. Qxe2 hxg6 14. Qf3 d5 15. Re1 Bd6 16. c4 Qf6 17. Qg2 Bc5 18. Qg3 0-0-0 19. Kg2 Bd6 20. g5 Qf5 21. c5 Bxc5 22. Rxe5 Qd7 23. Qg4 Qxg4+ 24. hxg4 Bd6 25. Re3 Rh2+ 26. Kf3 Bc5 27. Re2 Rdh8 28. Bf4 R8h3+ 29. Bg3 Bd6 30. Rg1 Kd7 31. Rc2 f5 32. gxf6 gxf6 33. Rg2 Rh1 34. Ke2 Bxg3 35. Rxg3 Rxg3 36. fxg3 Rh2+ 37. Kd1 Rh1+ 38. Ke2 Kd6 39. Kf3 Rd1 40. Ke2 Rh1 41. Ke3 c5 42. Rf2 Re1+ 43. Kd2 Re6 44. Rf3 d4 45. Rf4 Kd5 46. b3 a5 47. Rf2 Kc6 48. a4 Kd5 49. Rf3 Rb6 50. Kc2 Ke5 51. Rf2 f5 52. g5 Kd5 53. Re2 Re6 54. Rxe6 Kxe6 55. Kd2 Ke5 56. Ke2 Kd5 1/2-1/2

[Event "Lovfalds EMT 18th C"]
[Site "Ringsted"]
[Date "2004.09.19"]
[Round "4"]
[White "Sorensen, Lindved"]
[Black "Sandager, Ole"]
[Result "1/2-1/2"]
[WhiteElo "1617"]
[BlackElo "1569"]
[PlyCount "56"]
[EventDate "2004.09.17"]
[EventType "tourn"]
[EventRounds "5"]
[EventCountry "DEN"]
[SourceTitle "EXT 2023"]
[Source "ChessBase"]
[SourceDate "2022.10.05"]
[SourceVersion "1"]
[SourceVersionDate "2022.10.05"]
[SourceQuality "1"]

1. Nf3 Nf6 2. c4 g6 3. b3 Bg7 4. Bb2 0-0 5. g3 d6 6. Bg2 Nc6 7. 0-0 e5 8. d3 Bg4 9. Nbd2 Re8 10. Ng5 h6 11. Nge4 Nxe4 12. Bxe4 Qd7 13. Bg2 Rab8 14. f3 Bh3 15. g4 Bxg2 16. Kxg2 Qe7 17. e4 Bf6 18. Nb1 Nd8 19. Nc3 c6 20. Ne2 g5 21. Ng3 Ne6 22. Bc1 Nd4 23. Nf5 Nxf5 24. gxf5 Kh7 25. Qd2 Rh8 26. Kh1 Kg7 27. Qf2 b6 28. Rg1 Rbg8 1/2-1/2

[Event "Lovfalds 13th D"]
[Site "Ringsted"]
[Date "1999.09.18"]
[Round "3"]
[White "Hansen, Morten Lyck"]
[Black "Sandager, Ole"]
[Result "1/2-1/2"]
[WhiteElo "1774"]
[BlackElo "1548"]
[PlyCount "91"]
[EventDate "1999.09.17"]
[EventType "tourn"]
[EventRounds "5"]
[EventCountry "DEN"]
[SourceTitle "EXT 2023"]
[Source "ChessBase"]
[SourceDate "2022.10.05"]
[SourceVersion "1"]
[SourceVersionDate "2022.10.05"]
[SourceQuality "1"]

1. e4 e5 2. Nf3 Nf6 3. Nxe5 d6 4. Nf3 Nxe4 5. d4 d5 6. Be2 Be7 7. 0-0 0-0 8. c4 c6 9. Nc3 Nxc3 10. bxc3 Be6 11. c5 Nd7 12. Bf4 Nf6 13. Ne5 Ne4 14. Qb3 Bg5 15. Bg3 Nd2 16. Qxb7 Nxf1 17. Bxf1 Qa5 18. Nxc6 Qxc3 19. Rb1 Bf5 20. Rb3 Qc1 21. Bb8 Bc8 22. Qxa8 Ba6 23. h3 Qxf1+ 24. Kh2 Bf4+ 25. g3 Qxf2+ 26. Kh1 Bxg3 27. Rxg3 Qxg3 28. Ne7+ Kh8 29. Bxg3 Rxa8 30. c6 Rd8 31. c7 Re8 32. Bd6 h6 33. Kg1 Rxe7 34. Bxe7 Kh7 35. Bc5 Bc8 36. Kg2 a6 37. h4 Kg6 38. Kg3 Kf6 39. a3 g6 40. Bf8 h5 41. Bd6 Bg4 42. Kf4 Bc8 43. Be5+ Ke6 44. Kg5 Bd7 45. Bf6 Bc8 46. Be5 1/2-1/2

[Event "Lovfalds 10th B"]
[Site "Ringsted"]
[Date "1996.09.21"]
[Round "3"]
[White "Sorensen, Thomas"]
[Black "Sandager, Ole"]
[Result "1-0"]
[WhiteElo "1500"]
[BlackElo "1536"]
[PlyCount "29"]
[EventDate "1996.09.20"]
[EventType "tourn"]
[EventRounds "5"]
[EventCountry "DEN"]
[SourceTitle "EXT 2023"]
[Source "ChessBase"]
[SourceDate "2022.10.05"]
[SourceVersion "1"]
[SourceVersionDate "2022.10.05"]
[SourceQuality "1"]

1. e4 e5 2. f4 exf4 3. Nf3 d5 4. exd5 Nf6 5. Bc4 Nxd5 6. 0-0 Be7 7. d4 0-0 8. Bxd5 Qxd5 9. Bxf4 c6 10. Nc3 Qh5 11. Qd2 Nd7 12. Rae1 Re8 13. Bd6 Kf8 14. Rxe7 Rxe7 15. Qe3 1-0